[Event "Montevideo Trebejos op 12"]
[Site "Montevideo"]
[Date "2015.12.10"]
[Round "5"]
[White "Benitez, Julio"]
[Black "Blanchard, Marcel"]
[Result "0-1"]
[WhiteElo "1588"]
[BlackElo "1845"]
[PlyCount "72"]
[EventDate "2015.12.02"]
[EventType "swiss"]
[EventRounds "6"]
[EventCountry "URU"]
[SourceTitle "EXT 2017"]
[Source "ChessBase"]
[SourceDate "2016.10.25"]
[SourceVersion "1"]
[SourceVersionDate "2016.10.25"]
[SourceQuality "1"]

1. d4 Nf6 2. c4 c5 3. d5 b5 4. b3 g6 5. Bb2 bxc4 6. bxc4 d6 7. Nd2 Bg7 8. Ngf3 Nbd7 9. Rb1 0-0 10. e4 Qa5 11. Bd3 Qxa2 12. 0-0 Qa5 13. Qc2 Qc7 14. Bc3 Nb6 15. Ba5 Nfd7 16. h3 Ba6 17. Kh1 Qc8 18. Rb3 Rb8 19. Rfb1 Bb7 20. Nf1 e6 21. Ng3 Qe8 22. Re1 e5 23. Rbb1 Qe7 24. Qe2 Rfc8 25. Rf1 Rc7 26. Bd2 Bc8 27. Ng5 h6 28. Nf3 Rcb7 29. Ng1 Nf8 30. f4 exf4 31. Bxf4 Nbd7 32. Nf3 Rxb1 33. Rxb1 Rxb1+ 34. Bxb1 Ne5 35. Nxe5 Bxe5 36. Qg4 Bxg4 0-1

[Event "Montevideo Trebejos op 11"]
[Site "Montevideo"]
[Date "2015.11.16"]
[Round "6"]
[White "Blanchard, Marcel"]
[Black "Campora, Edgardo"]
[Result "1-0"]
[WhiteElo "1830"]
[BlackElo "1723"]
[PlyCount "73"]
[EventDate "2015.11.04"]
[EventType "swiss"]
[EventRounds "7"]
[EventCountry "URU"]
[SourceTitle "CBM 170 Extra"]
[Source "ChessBase"]
[SourceDate "2016.02.25"]
[SourceVersion "1"]
[SourceVersionDate "2016.02.25"]
[SourceQuality "1"]

1. d4 Nf6 2. c4 g6 3. Nc3 Bg7 4. e4 d6 5. Be2 0-0 6. Nf3 e5 7. 0-0 Nc6 8. d5 Ne7 9. b4 Ne8 10. c5 f5 11. Nd2 Nf6 12. a4 f4 13. f3 g5 14. Ba3 h5 15. b5 b6 16. cxd6 cxd6 17. Nc4 Ne8 18. Bb4 a5 19. bxa6 Bxa6 20. Nb5 Nc8 21. Qb3 Rf6 22. Rfc1 Bf8 23. Be1 Qd7 24. Bf2 g4 25. Nxb6 Nxb6 26. Bxb6 Rb8 27. a5 gxf3 28. gxf3 Qh3 29. Kh1 Rg6 30. Bf1 Qh4 31. Ra2 Rb7 32. Rg2 Rbg7 33. Rxg6 Rxg6 34. Bg2 Nf6 35. Nc7 Ng4 36. fxg4 Qxg4 37. Qf3 1-0

[Event "Montevideo Trebejos op 11"]
[Site "Montevideo"]
[Date "2015.11.12"]
[Round "5"]
[White "Shih Ferreira, Yin Chieh"]
[Black "Blanchard, Marcel"]
[Result "0-1"]
[WhiteElo "1390"]
[BlackElo "1830"]
[PlyCount "97"]
[EventDate "2015.11.04"]
[EventType "swiss"]
[EventRounds "7"]
[EventCountry "URU"]
[SourceTitle "CBM 170 Extra"]
[Source "ChessBase"]
[SourceDate "2016.02.25"]
[SourceVersion "1"]
[SourceVersionDate "2016.02.25"]
[SourceQuality "1"]

1. d4 Nf6 2. Nf3 c5 3. c3 g6 4. Bf4 Qb6 5. Qc2 Bg7 6. Nbd2 d5 7. dxc5 Qxc5 8. Nb3 Qb6 9. Be3 Qd8 10. Bd4 Bf5 11. Qd1 Nc6 12. e3 0-0 13. Be2 b6 14. 0-0 Qc7 15. h3 e5 16. g4 Be6 17. Rc1 exd4 18. cxd4 Qd6 19. Ne5 Nxe5 20. dxe5 Qxe5 21. Nd4 Bd7 22. Bd3 Rac8 23. Qe2 Rxc1 24. Rxc1 Rc8 25. Rxc8+ Bxc8 26. f4 Qc7 27. Nb5 Qe7 28. Kf2 Ne4+ 29. Bxe4 dxe4 30. Qc2 Ba6 31. Nc7 Bb7 32. Nb5 a6 33. Nc3 Qc5 34. Qd2 Bxc3 35. Qxc3 Qxc3 36. bxc3 b5 37. Ke2 Bd5 38. a3 f6 39. Kf2 Kf7 40. Kg3 g5 41. fxg5 fxg5 42. Kf2 Kg6 43. Kg2 h5 44. Kg3 h4+ 45. Kf2 Bc4 46. Ke1 Kf6 47. Kf2 Ke5 48. Ke1 Kd5 49. Kd1 0-1

[Event "Montevideo Trebejos op 11"]
[Site "Montevideo"]
[Date "2015.11.04"]
[Round "1"]
[White "Blanchard, Marcel"]
[Black "Carvalho, Guillermo"]
[Result "0-1"]
[WhiteElo "1830"]
[BlackElo "2239"]
[PlyCount "128"]
[EventDate "2015.11.04"]
[EventType "swiss"]
[EventRounds "7"]
[EventCountry "URU"]
[SourceTitle "CBM 170 Extra"]
[Source "ChessBase"]
[SourceDate "2016.02.25"]
[SourceVersion "1"]
[SourceVersionDate "2016.02.25"]
[SourceQuality "1"]

1. e4 e5 2. Nf3 Nc6 3. Nc3 Nf6 4. Bb5 Bb4 5. d3 Bxc3+ 6. bxc3 d6 7. 0-0 0-0 8. Bxc6 bxc6 9. Rb1 h6 10. h3 Be6 11. c4 Re8 12. Bb2 Nd7 13. Nd2 Qg5 14. Nf3 Qh5 15. Nh2 Qxd1 16. Rfxd1 f5 17. exf5 Bxf5 18. f3 Nb6 19. Ba1 a5 20. Re1 c5 21. Nf1 Bd7 22. Nd2 Ba4 23. Rec1 Bc6 24. Re1 Ba4 25. Rec1 Rf8 26. Ne4 Rfb8 27. Nc3 Bc6 28. Kf2 Kf7 29. Ke3 Ke6 30. Re1 Kd7 31. Kd2 Rf8 32. Ne2 g6 33. Rg1 Rf7 34. Rbf1 g5 35. Ng3 Raf8 36. Nh5 Nc8 37. Bc3 a4 38. a3 Ne7 39. Ke2 Nf5 40. Kd2 Nh4 41. Ng3 Bxf3 42. gxf3 Nxf3+ 43. Rxf3 Rxf3 44. Ba5 Rf2+ 45. Kc3 Ra8 46. Ne4 Rf7 47. Bb4 cxb4+ 48. Kxb4 c6 49. Rg4 Rb8+ 50. Kc3 Rf3 51. h4 Rf4 52. hxg5 Rxg4 53. Nf6+ Ke6 54. Nxg4 hxg5 55. Ne3 d5 56. d4 Rg8 57. cxd5+ cxd5 58. dxe5 Kxe5 59. Kb4 g4 60. Kxa4 g3 61. Ng2 Rb8 62. Ka5 Rb2 63. Ne1 Ke4 64. a4 Rxc2 0-1

[Event "American Continental 11th"]
[Site "Montevideo"]
[Date "2015.05.24"]
[Round "11"]
[White "Blanchard, Marcel"]
[Black "Pelaez, Diego"]
[Result "1-0"]
[WhiteElo "1804"]
[BlackElo "1567"]
[PlyCount "83"]
[EventDate "2015.05.15"]
[EventType "swiss"]
[EventRounds "11"]
[EventCountry "URU"]
[SourceTitle "CBM 167"]
[Source "ChessBase"]
[SourceDate "2015.07.13"]
[SourceVersion "1"]
[SourceVersionDate "2015.07.13"]
[SourceQuality "1"]

1. d4 Nf6 2. c4 g6 3. Nc3 Bg7 4. e4 d6 5. Nf3 0-0 6. Be2 e5 7. 0-0 Nc6 8. d5 Ne7 9. b4 a5 10. Ba3 axb4 11. Bxb4 Ne8 12. a4 f5 13. Nd2 f4 14. Bg4 Nf6 15. Bxc8 Qxc8 16. f3 h5 17. c5 Ne8 18. Qb3 Kh8 19. Nc4 Qd8 20. Nb5 dxc5 21. Bxc5 b6 22. Bf2 Nc8 23. Qb4 Rf7 24. a5 bxa5 25. Nxa5 Bf8 26. Bc5 Bxc5+ 27. Qxc5 Qf6 28. Nc6 Rxa1 29. Rxa1 Kg7 30. Ra8 Ned6 31. Ra6 Qh4 32. Ra1 Qf6 33. Rb1 g5 34. Qc3 Nxb5 35. Rxb5 Nd6 36. Rb1 Re7 37. Nxe7 Qxe7 38. Rc1 Nb5 39. Qb2 Nd4 40. Kf1 Nxf3 41. gxf3 Qd7 42. Qxe5+ 1-0

[Event "American Continental 11th"]
[Site "Montevideo"]
[Date "2015.05.17"]
[Round "3"]
[White "Granara Barreto, Sebastian A"]
[Black "Blanchard, Marcel"]
[Result "1-0"]
[WhiteElo "2147"]
[BlackElo "1804"]
[PlyCount "81"]
[EventDate "2015.05.15"]
[EventType "swiss"]
[EventRounds "11"]
[EventCountry "URU"]
[SourceTitle "CBM 167"]
[Source "ChessBase"]
[SourceDate "2015.07.13"]
[SourceVersion "1"]
[SourceVersionDate "2015.07.13"]
[SourceQuality "1"]

1. d4 c5 2. d5 Nf6 3. c4 b5 4. Qc2 Na6 5. a3 bxc4 6. e4 d6 7. Bxc4 Nc7 8. Nc3 g6 9. Nf3 Bg7 10. h3 0-0 11. 0-0 Nd7 12. Bf4 a5 13. Rfe1 f6 14. Na4 Ba6 15. Bd2 Bxc4 16. Qxc4 f5 17. Bc3 Bxc3 18. Nxc3 Rb8 19. Rab1 fxe4 20. Qxe4 Nf6 21. Qxe7 Qxe7 22. Rxe7 Ncxd5 23. Nxd5 Nxd5 24. Ra7 Rf7 25. Rxf7 Kxf7 26. Rd1 Ke6 27. Ng5+ Ke5 28. Rd2 Rb7 29. g3 Nf6 30. Kg2 d5 31. Re2+ Kd4 32. Ne6+ Kd3 33. Kf1 Ne4 34. Rxe4 Rxb2 35. Nxc5+ Kc2 36. Re2+ Kb1 37. Rxb2+ Kxb2 38. Ke2 Kxa3 39. Kd3 Kb4 40. Kd4 h6 41. f4 1-0

[Event "American Continental 11th"]
[Site "Montevideo"]
[Date "2015.05.16"]
[Round "2"]
[White "Blanchard, Marcel"]
[Black "Ibanez Iglesias, Juan Rodrigo"]
[Result "1-0"]
[WhiteElo "1804"]
[BlackElo "2059"]
[PlyCount "69"]
[EventDate "2015.05.15"]
[EventType "swiss"]
[EventRounds "11"]
[EventCountry "URU"]
[SourceTitle "CBM 167"]
[Source "ChessBase"]
[SourceDate "2015.07.13"]
[SourceVersion "1"]
[SourceVersionDate "2015.07.13"]
[SourceQuality "1"]

1. e4 e5 2. Nf3 d6 3. d4 exd4 4. Nxd4 Nf6 5. Nc3 Be7 6. Bf4 0-0 7. Qd2 a6 8. 0-0-0 b5 9. f3 c5 10. Nf5 Bxf5 11. exf5 b4 12. Nd5 Nxd5 13. Qxd5 Ra7 14. h4 Nd7 15. g4 Qa5 16. Kb1 Nb6 17. Qd2 Na4 18. g5 d5 19. Be5 f6 20. gxf6 gxf6 21. Rg1+ Kh8 22. Qh6 Rf7 23. Qh5 Bf8 24. Qg4 Bg7 25. Bf4 c4 26. h5 Nc3+ 27. Kc1 Qxa2 28. Bxc4 Qxc4 29. bxc3 bxc3 30. Rde1 Qa4 31. Kd1 h6 32. Qg6 Rfe7 33. Bxh6 Qd4+ 34. Kc1 Rxe1+ 35. Rxe1 1-0

[Event "American Continental 11th"]
[Site "Montevideo"]
[Date "2015.05.15"]
[Round "1"]
[White "Sabas, Jorge"]
[Black "Blanchard, Marcel"]
[Result "1-0"]
[WhiteElo "2254"]
[BlackElo "1804"]
[PlyCount "97"]
[EventDate "2015.05.15"]
[EventType "swiss"]
[EventRounds "11"]
[EventCountry "URU"]
[SourceTitle "CBM 167"]
[Source "ChessBase"]
[SourceDate "2015.07.13"]
[SourceVersion "1"]
[SourceVersionDate "2015.07.13"]
[SourceQuality "1"]

1. d4 Nf6 2. c4 c5 3. d5 b5 4. cxb5 a6 5. f3 e6 6. e4 exd5 7. e5 Qe7 8. Qe2 Ng8 9. Nc3 Bb7 10. Bf4 c4 11. Qd2 Qb4 12. a3 Qa5 13. bxa6 Nxa6 14. Rd1 Nc5 15. Nxd5 Nd3+ 16. Bxd3 Bxd5 17. Bf5 Ne7 18. Bb1 g6 19. Ne2 Be6 20. Qxa5 Rxa5 21. Bd2 Rb5 22. Bc3 Nd5 23. Bd4 Bh6 24. Nc3 Nxc3 25. Bxc3 Be3 26. g3 h5 27. Ke2 Ba7 28. Be4 Ke7 29. Rd6 Bc5 30. Ra6 Rhb8 31. Rb1 Rb3 32. Kd2 Ke8 33. Kc2 Ke7 34. Re1 Kd8 35. Ra8 Kc7 36. Rxb8 Kxb8 37. Rd1 Kc7 38. Bd5 Bf5+ 39. Kd2 Be6 40. Bxe6 dxe6 41. Kc2 Rb7 42. g4 h4 43. h3 Rb3 44. f4 Kc6 45. f5 gxf5 46. gxf5 Kc7 47. Rf1 Kd7 48. Rf4 Rb7 49. f6 1-0

[Event "URU-ch sf"]
[Site "Colonia del Sacramento"]
[Date "2015.02.14"]
[Round "2"]
[White "Malan, Lucia"]
[Black "Blanchard, Marcel"]
[Result "0-1"]
[WhiteElo "1215"]
[BlackElo "1813"]
[PlyCount "80"]
[EventDate "2015.02.13"]
[EventType "swiss"]
[EventRounds "9"]
[EventCountry "URU"]
[SourceTitle "EXT 2017"]
[Source "ChessBase"]
[SourceDate "2016.10.25"]
[SourceVersion "1"]
[SourceVersionDate "2016.10.25"]
[SourceQuality "1"]

1. e4 e5 2. Nf3 Nc6 3. Bb5 a6 4. Ba4 Nf6 5. d3 b5 6. Bb3 Be7 7. c3 0-0 8. 0-0 d6 9. h3 Bb7 10. Be3 Nd7 11. Nbd2 Bf6 12. Re1 Na5 13. Bc2 c5 14. d4 Nc6 15. d5 Ne7 16. b3 g6 17. Bh6 Bg7 18. Bxg7 Kxg7 19. c4 b4 20. a3 a5 21. axb4 axb4 22. Rxa8 Qxa8 23. Qa1 Qxa1 24. Rxa1 Ra8 25. Rxa8 Bxa8 26. g3 Bb7 27. Nh4 Bc8 28. Ng2 Nf6 29. Kh2 Ne8 30. g4 f5 31. f3 h6 32. Nh4 fxg4 33. fxg4 Kf6 34. Kg3 Ng7 35. Ndf3 g5 36. Ng2 h5 37. h4 gxh4+ 38. Kxh4 Ng6+ 39. Kg3 hxg4 40. Nh2 Nh5+ 0-1

[Event "Montevideo Trebejos op 11"]
[Site "Montevideo"]
[Date "2014.12.04"]
[Round "6"]
[White "Uslenghi, Leonel"]
[Black "Blanchard, Marcel"]
[Result "1/2-1/2"]
[WhiteElo "1747"]
[BlackElo "1815"]
[PlyCount "42"]
[EventDate "2014.11.24"]
[EventType "swiss"]
[EventRounds "7"]
[EventCountry "URU"]
[SourceTitle "EXT 2016"]
[Source "ChessBase"]
[SourceDate "2015.10.08"]
[SourceVersion "1"]
[SourceVersionDate "2015.10.08"]
[SourceQuality "1"]

1. d4 Nf6 2. Nf3 c5 3. e3 cxd4 4. exd4 d6 5. c4 g6 6. Nc3 Bg7 7. Bd3 0-0 8. 0-0 Nbd7 9. Re1 Re8 10. Bf4 a6 11. a4 Qa5 12. Bd2 Qd8 13. Bf4 Nf8 14. h3 Ne6 15. Be3 d5 16. c5 Nh5 17. Qd2 Nf8 18. Be2 Nf6 19. Bd3 Nh5 20. Be2 Nf6 21. Bd3 Nh5 1/2-1/2

[Event "Montevideo Trebejos op 11"]
[Site "Montevideo"]
[Date "2014.11.27"]
[Round "3"]
[White "Blanchard, Marcel"]
[Black "Cao, Jorge"]
[Result "1/2-1/2"]
[WhiteElo "1815"]
[BlackElo "1929"]
[PlyCount "102"]
[EventDate "2014.11.24"]
[EventType "swiss"]
[EventRounds "7"]
[EventCountry "URU"]
[SourceTitle "EXT 2016"]
[Source "ChessBase"]
[SourceDate "2015.10.08"]
[SourceVersion "1"]
[SourceVersionDate "2015.10.08"]
[SourceQuality "1"]

1. d4 Nf6 2. c4 c5 3. d5 d6 4. Nc3 g6 5. e4 Bg7 6. h3 0-0 7. Bd3 e6 8. Nf3 exd5 9. cxd5 b5 10. Bxb5 Nxe4 11. Nxe4 Qa5+ 12. Nfd2 Qxb5 13. Nxd6 Qa6 14. N2c4 Be5 15. Nxc8 Qxc4 16. Ne7+ Kh8 17. Qg4 Qxg4 18. hxg4 Re8 19. Bg5 Bxb2 20. Rb1 Bc3+ 21. Kd1 f6 22. Rb7 fxg5 23. Nxg6+ Kg8 24. Rhxh7 Na6 25. Kc2 Bd4 26. f4 Re2+ 27. Kd1 Rb2 28. Rhd7 Rxb7 29. Rxb7 gxf4 30. Nxf4 Rd8 31. a3 Be5 32. g3 Nb8 33. Rxa7 Bxf4 34. gxf4 Rxd5+ 35. Kc2 Nd7 36. Kc3 Rd4 37. f5 Kf7 38. g5 Ke7 39. a4 Kd6 40. Ra6+ Kd5 41. f6 Ne5 42. Ra8 Rg4 43. Rd8+ Kc6 44. Rg8 Rg3+ 45. Kc2 c4 46. Rg7 Rf3 47. a5 Kb5 48. Re7 Ng6 49. Re4 Rf5 50. a6 Kxa6 51. Rxc4 Rxg5 1/2-1/2

[Event "Pan American-ch Amateur"]
[Site "Montevideo"]
[Date "2013.10.28"]
[Round "8"]
[White "Ferreira Jr, Walter"]
[Black "Blanchard, Marcel"]
[Result "1-0"]
[WhiteElo "1992"]
[BlackElo "1834"]
[PlyCount "31"]
[EventDate "2013.10.24"]
[EventType "swiss"]
[EventRounds "9"]
[EventCountry "URU"]
[SourceTitle "EXT 2014"]
[Source "ChessBase"]
[SourceDate "2013.11.20"]
[SourceVersion "1"]
[SourceVersionDate "2013.11.20"]
[SourceQuality "1"]

1. e4 e5 2. Nf3 Nc6 3. Bc4 Bc5 4. b4 Bxb4 5. c3 Be7 6. d4 exd4 7. cxd4 Bb4+ 8. Kf1 Nf6 9. Qb3 Qe7 10. e5 d5 11. Bb5 Nd7 12. Nc3 Bxc3 13. Qxc3 Ndb8 14. h3 h6 15. Ba4 Qb4 16. Qxb4 1-0

[Event "Pan American-ch Amateur"]
[Site "Montevideo"]
[Date "2013.10.25"]
[Round "3"]
[White "Blanchard, Marcel"]
[Black "Larrea, Osvaldo"]
[Result "1-0"]
[WhiteElo "1834"]
[BlackElo "2063"]
[PlyCount "35"]
[EventDate "2013.10.24"]
[EventType "swiss"]
[EventRounds "9"]
[EventCountry "URU"]
[SourceTitle "EXT 2014"]
[Source "ChessBase"]
[SourceDate "2013.11.20"]
[SourceVersion "1"]
[SourceVersionDate "2013.11.20"]
[SourceQuality "1"]

1. d4 f5 2. g3 Nf6 3. Bg2 e6 4. Bg5 Be7 5. Nc3 0-0 6. Nh3 c6 7. 0-0 Na6 8. Nf4 h6 9. Bxf6 Bxf6 10. Ng6 Rf7 11. e4 fxe4 12. Nxe4 Qb6 13. Nd6 Qxb2 14. Nxf7 Kxf7 15. Ne5+ Bxe5 16. Qh5+ Kg8 17. Qxe5 Kh7 18. Be4+ 1-0

[Event "Montevideo-ch"]
[Site "Montevideo"]
[Date "2012.11.28"]
[Round "6"]
[White "Blanchard, Marcel"]
[Black "Milan, Julio"]
[Result "0-1"]
[WhiteElo "1844"]
[BlackElo "1685"]
[PlyCount "134"]
[EventDate "2012.11.24"]
[EventType "swiss"]
[EventRounds "7"]
[EventCountry "URU"]
[SourceTitle "CBM 151 Extra"]
[Source "ChessBase"]
[SourceDate "2012.12.18"]
[SourceVersion "1"]
[SourceVersionDate "2012.12.18"]
[SourceQuality "1"]

1. d4 Nf6 2. c4 c5 3. d5 b5 4. cxb5 a6 5. e3 axb5 6. Bxb5 Ba6 7. Be2 g6 8. Nc3 Bg7 9. Nf3 0-0 10. 0-0 d6 11. Re1 Nbd7 12. h3 Qa5 13. Bd2 Qb6 14. Rb1 Qb7 15. e4 Rfb8 16. b3 Ne8 17. Qc2 Bxe2 18. Nxe2 Qa6 19. Nc3 Ne5 20. Nxe5 Bxe5 21. Bg5 Qa7 22. Na4 Rb7 23. Be3 Qb8 24. Bd2 Bg7 25. Bc3 Nf6 26. Qd3 Kf8 27. Rbc1 Qc8 28. e5 Ne8 29. f4 Qf5 30. Qxf5 gxf5 31. exd6 exd6 32. Bxg7+ Kxg7 33. Rc4 Nf6 34. Nc3 Nh5 35. Kf2 Nf6 36. Re2 Kf8 37. Kf3 Nd7 38. Ra4 Rab8 39. g4 fxg4+ 40. hxg4 Rb4 41. g5 Rxa4 42. Nxa4 Rb4 43. Re4 Rb8 44. Kg4 f5+ 45. Kxf5 Kf7 46. Re6 c4 47. Rxd6 Rb7 48. bxc4 Nf8 49. c5 Rb5 50. c6 Ke7 51. Ke5 Ng6+ 52. Ke4 Kxd6 53. Nc3 Rb4+ 54. Ke3 Ne7 55. Ne4+ Kxd5 56. Nf6+ Kxc6 57. Nxh7 Kd6 58. Nf6 Ke6 59. Nh5 Kf7 60. Kf3 Kg6 61. Ng3 Ra4 62. Kg4 Nd5 63. Ne2 Ne3+ 64. Kf3 Nf5 65. Kg4 Rxa2 66. Nc1 Ra3 67. Ne2 Re3 0-1

[Event "Montevideo-ch"]
[Site "Montevideo"]
[Date "2012.11.25"]
[Round "2"]
[White "Michailov, Matias"]
[Black "Blanchard, Marcel"]
[Result "1-0"]
[WhiteElo "2166"]
[BlackElo "1844"]
[PlyCount "69"]
[EventDate "2012.11.24"]
[EventType "swiss"]
[EventRounds "7"]
[EventCountry "URU"]
[SourceTitle "CBM 151 Extra"]
[Source "ChessBase"]
[SourceDate "2012.12.18"]
[SourceVersion "1"]
[SourceVersionDate "2012.12.18"]
[SourceQuality "1"]

1. e4 e5 2. Nf3 Nc6 3. Bb5 a6 4. Ba4 Nf6 5. 0-0 Be7 6. Re1 b5 7. Bb3 0-0 8. a4 b4 9. d3 d6 10. a5 Bg4 11. c3 Rb8 12. Nbd2 d5 13. h3 Bh5 14. g4 dxe4 15. dxe4 Bg6 16. Ba4 Nxa5 17. Nxe5 Bc5 18. Qe2 Qe7 19. Nd3 Rb6 20. e5 Bxd3 21. Qxd3 Rd8 22. Qg3 Nd5 23. Ne4 Rg6 24. Bc2 Bb6 25. Kh2 b3 26. Bd3 h6 27. f4 Re6 28. Bd2 Ra8 29. Rad1 Rc6 30. Qf3 Nc4 31. Bxc4 Rxc4 32. Nf6+ gxf6 33. Qxd5 Qc5 34. Qxa8+ Kh7 35. Be3 1-0

[Event "Montevideo op"]
[Site "Montevideo"]
[Date "2012.06.19"]
[Round "7"]
[White "Blanchard, Marcel"]
[Black "Solari, Pablo"]
[Result "1/2-1/2"]
[WhiteElo "1846"]
[BlackElo "1667"]
[PlyCount "136"]
[EventDate "2012.06.15"]
[EventType "swiss"]
[EventRounds "9"]
[EventCountry "URU"]
[SourceTitle "CBM 149 Extra"]
[Source "ChessBase"]
[SourceDate "2012.08.24"]
[SourceVersion "1"]
[SourceVersionDate "2012.08.24"]
[SourceQuality "1"]

1. d4 d5 2. c4 e6 3. Nc3 Nf6 4. cxd5 exd5 5. Bg5 Bb4 6. Nf3 Be6 7. Qa4+ Nc6 8. Ne5 Bxc3+ 9. bxc3 Qd6 10. Bxf6 gxf6 11. Nf3 0-0 12. g3 b6 13. Bg2 Na5 14. Nd2 Rfc8 15. 0-0 c5 16. Rfc1 Bd7 17. Qd1 Bb5 18. e4 Nc4 19. exd5 cxd4 20. Qg4+ Kh8 21. Qxd4 Nxd2 22. Qxd2 Bc4 23. Qd4 Rc5 24. Rd1 Rd8 25. Qh4 Qe5 26. Re1 Qg5 27. Qxg5 fxg5 28. Rad1 Kg7 29. d6 Be6 30. Re3 Bxa2 31. Re7 a5 32. Bh3 Bb3 33. Rd3 Rd5 34. Rxd5 Bxd5 35. Bd7 Kf6 36. f4 gxf4 37. gxf4 Be6 38. Bxe6 fxe6 39. Rxh7 Rxd6 40. Rh5 Rc6 41. Rb5 a4 42. Rb4 a3 43. Rb3 a2 44. Ra3 Rxc3 45. Rxa2 Rb3 46. Kf2 Kf5 47. Re2 Rb5 48. Ke3 Rd5 49. Rg2 Kf6 50. Ke4 b5 51. Rb2 Kg6 52. Rg2+ Kf6 53. h4 b4 54. Rg5 b3 55. Rxd5 exd5+ 56. Kd3 d4 57. Kd2 Kf5 58. h5 Kxf4 59. h6 b2 60. Kc2 d3+ 61. Kxb2 Ke3 62. h7 d2 63. h8Q d1Q 64. Qe5+ Kf2 65. Qh2+ Ke3 66. Qh6+ Kf2 67. Qf4+ Qf3 68. Qxf3+ Kxf3 1/2-1/2

[Event "Latin Cup"]
[Site "Montevideo"]
[Date "2011.11.05"]
[Round "7"]
[White "Hernandez Riera, Jose de Jesus"]
[Black "Blanchard, Marcel"]
[Result "1/2-1/2"]
[WhiteElo "2225"]
[BlackElo "1840"]
[PlyCount "111"]
[EventDate "2011.11.01"]
[EventType "swiss"]
[EventRounds "9"]
[EventCountry "URU"]
[SourceTitle "EXT 2012"]
[Source "ChessBase"]
[SourceDate "2011.11.24"]
[SourceVersion "1"]
[SourceVersionDate "2011.11.24"]
[SourceQuality "1"]

1. d4 d5 2. c4 e6 3. Nf3 c6 4. e3 Nf6 5. Nbd2 Nbd7 6. b3 Bb4 7. Bd3 Ne4 8. 0-0 f5 9. Bb2 0-0 10. a3 Nxd2 11. Nxd2 Be7 12. Qc2 Nf6 13. b4 Bd7 14. Rac1 Qe8 15. Nf3 Qh5 16. Be2 Qh6 17. Ne5 Bd6 18. f4 Bxe5 19. dxe5 Ng4 20. Bxg4 fxg4 21. Qd2 Qg6 22. Bd4 h5 23. Bc5 Rfc8 24. f5 exf5 25. cxd5 cxd5 26. Qxd5+ Qe6 27. Qd3 a6 28. Rfd1 Ba4 29. Qd6 Re8 30. Qxe6+ Rxe6 31. Rf1 Rxe5 32. Bd4 Re7 33. Rxf5 g6 34. Rf6 Kh7 35. Rcf1 Bb3 36. Bc5 Rd7 37. Bd4 Rdd8 38. Rb1 Bd5 39. a4 Rdc8 40. Bc5 Rc6 41. Rbf1 Rxf6 42. Rxf6 Bb3 43. Bd4 Rc8 44. Bc5 Rd8 45. Bd4 Rc8 46. Bc5 Rd8 47. e4 h4 48. Bd6 Rc8 49. Bc5 Rd8 50. Bd6 Rc8 51. e5 Rc1+ 52. Kf2 Rc2+ 53. Ke3 Rxg2 54. e6 Bc4 55. e7 g3 56. hxg3 1/2-1/2